|
|
|
|
| LEADER |
01477nam a2200373Ia 4500 |
| 001 |
EBC647718 |
| 003 |
MiAaPQ |
| 005 |
20200520144314.0 |
| 006 |
m o d | |
| 007 |
cr cn||||||||| |
| 008 |
010717s2010 enka sb 000 0 eng d |
| 020 |
|
|
|z 9780857247339
|
| 020 |
|
|
|z 9780857247346
|
| 035 |
|
|
|a (MiAaPQ)EBC647718
|
| 035 |
|
|
|a (Au-PeEL)EBL647718
|
| 035 |
|
|
|a (CaPaEBR)ebr10440359
|
| 035 |
|
|
|a (CaONFJC)MIL298747
|
| 035 |
|
|
|a (OCoLC)700706426
|
| 040 |
|
|
|a MiAaPQ
|c MiAaPQ
|d MiAaPQ
|
| 050 |
|
4 |
|a HD62.15
|b .M44144 2010
|
| 245 |
0 |
0 |
|a Measuring business excellence.
|n Volume 14, Number 4,
|p Intellectual capital and business excellence for the 21st century organizations
|h [electronic resource] /
|c guest editors, Daniela Carlucci and Antonio Lerro.
|
| 260 |
|
|
|a [Bingley, UK] :
|b Emerald,
|c 2010.
|
| 300 |
|
|
|a 84 p. :
|b ill.
|
| 490 |
1 |
|
|a Measuring business excellence ;
|v vol 14, no. 4
|
| 504 |
|
|
|a Includes bibliographical references.
|
| 533 |
|
|
|a Electronic reproduction. Ann Arbor, MI : ProQuest, 2015. Available via World Wide Web. Access may be limited to ProQuest affiliated libraries.
|
| 650 |
|
0 |
|a Intellectual capital.
|
| 650 |
|
0 |
|a Knowledge management.
|
| 655 |
|
4 |
|a Electronic books.
|
| 700 |
1 |
|
|a Carlucci, Daniela.
|
| 700 |
1 |
|
|a Lerro, Antonio.
|
| 710 |
2 |
|
|a ProQuest (Firm)
|
| 830 |
|
0 |
|a Measuring business excellence ;
|v v. 14, no. 4.
|
| 856 |
4 |
0 |
|u https://ebookcentral.proquest.com/lib/matrademy/detail.action?docID=647718
|z Click to View
|